000 00402nam a2200169Ia 4500
008 230711s9999||||xx |||||||||||||| ||und||
020 _a978-81-265-3487-6
041 _aENG
082 _a620.112
_bNA-S
100 _aNag,Debarata
245 0 _aStrength of materials
250 _a2nd Ed.
260 _c2016
_aNew Delhi
_bWiley & Sons
300 _a740p.
650 _aCivil Engineering
942 _cBK
999 _c9437
_d9437